[Event "Irkutsk Region-ch"]
[Site "Irkutsk"]
[Date "2010.10.27"]
[Round "11"]
[White "Stulikov, Vyacheslav"]
[Black "Makienko, Vladislav"]
[Result "1-0"]
[WhiteElo "2040"]
[BlackElo "2149"]
[PlyCount "161"]
[EventDate "2010.10.17"]
[EventType "tourn"]
[EventRounds "11"]
[EventCountry "RUS"]
[SourceTitle "EXT 2012"]
[Source "ChessBase"]
[SourceDate "2011.11.24"]
[SourceVersion "1"]
[SourceVersionDate "2011.11.24"]
[SourceQuality "1"]

1. e4 e5 2. Nf3 Nc6 3. d3 Nf6 4. c4 Bc5 5. h3 d6 6. a3 a5 7. Be2 h6 8. Be3 Nd4 9. Nxd4 exd4 10. Bf4 Nd7 11. b3 0-0 12. 0-0 f5 13. exf5 Rxf5 14. Bg3 c6 15. Nd2 d5 16. Bg4 Rf6 17. cxd5 cxd5 18. Bh4 g5 19. Bg3 Bd6 20. Bxd6 Rxd6 21. Nf3 Qf6 22. Re1 Nf8 23. Re8 Rd8 24. Rxd8 Qxd8 25. Nxd4 Qf6 26. Ne2 Bxg4 27. hxg4 Re8 28. Ng3 Ne6 29. Rc1 Rf8 30. Rc2 Nd4 31. Ra2 Qf4 32. Nf1 Rc8 33. Ne3 Qe5 34. g3 b5 35. Kg2 Rc3 36. Rb2 Kh7 37. Qb1 Qf6 38. Qd1 Qg6 39. Rd2 Nxb3 40. Rc2 Qxd3 41. Rxc3 Qxc3 42. Qxd5 Nd4 43. Qf7+ Kh8 44. Qf6+ Kh7 45. Nd5 Qd3 46. Qf7+ Kh8 47. Qe8+ Kg7 48. Qe5+ Kg8 49. Qe8+ Kg7 50. Ne3 b4 51. Qd7+ Kf8 52. Qd8+ Kf7 53. Qd5+ Kf6 54. axb4 axb4 55. Nf5 Qf3+ 56. Qxf3 Nxf3 57. Kxf3 b3 58. Nd6 b2 59. Ne4+ Ke5 60. Nd2 Kd4 61. Ke2 Kc3 62. Kd1 Kd3 63. Nb1 Ke4 64. Ke2 Kd4 65. f3 Kc4 66. Ke3 Kd5 67. Kd3 Ke5 68. Kc3 Kd5 69. Kd3 Ke5 70. Nc3 Kf6 71. Kc2 Ke5 72. Ne2 Kf6 73. Kxb2 Kg6 74. Kc3 h5 75. gxh5+ Kxh5 76. g4+ Kh4 77. Kd4 Kh3 78. Ke3 Kh4 79. Kf2 Kh3 80. Nd4 Kh4 81. Ne6 1-0

[Event "Irkutsk Region-ch"]
[Site "Irkutsk"]
[Date "2010.10.26"]
[Round "10"]
[White "Shelk, Alexander"]
[Black "Stulikov, Vyacheslav"]
[Result "1-0"]
[WhiteElo "2372"]
[BlackElo "2040"]
[PlyCount "113"]
[EventDate "2010.10.17"]
[EventType "tourn"]
[EventRounds "11"]
[EventCountry "RUS"]
[SourceTitle "EXT 2012"]
[Source "ChessBase"]
[SourceDate "2011.11.24"]
[SourceVersion "1"]
[SourceVersionDate "2011.11.24"]
[SourceQuality "1"]

1. d4 d5 2. c4 e6 3. Nc3 Nf6 4. Bg5 Be7 5. e3 c6 6. Nf3 h6 7. Bh4 Nbd7 8. Qc2 a6 9. Rd1 0-0 10. Bd3 dxc4 11. Bxc4 b5 12. Bd3 c5 13. dxc5 Bxc5 14. 0-0 Qb6 15. Ne4 Nxe4 16. Bxe4 Ra7 17. Rc1 Bb7 18. Rfd1 Bxe4 19. Qxe4 Re8 20. h3 b4 21. Nd2 Bf8 22. Nc4 Nc5 23. Qg4 Qc6 24. b3 a5 25. Bf6 Qe4 26. Qg3 Qh7 27. Bd4 f6 28. Nd2 Qf5 29. e4 Qh5 30. Qe3 Rc7 31. g4 Qg5 32. f4 Qg6 33. Rc4 Na6 34. Rdc1 Rd7 35. Nf3 Qf7 36. Bb6 Rb7 37. Rc6 Qd7 38. Kg2 Nb8 39. R6c2 Qb5 40. Bc5 Nd7 41. Nd4 Bxc5 42. Rxc5 Qb6 43. Rc6 Qa7 44. Nc2 Qa8 45. Ne1 a4 46. Nf3 Kh7 47. Kg3 axb3 48. axb3 e5 49. f5 Qa5 50. h4 Ra8 51. g5 Rbb8 52. Rc7 Qb5 53. Qd2 Rb7 54. g6+ Kg8 55. Rc8+ Rxc8 56. Rxc8+ Nf8 57. Qd6 1-0

[Event "Irkutsk Region-ch"]
[Site "Irkutsk"]
[Date "2010.10.24"]
[Round "8"]
[White "Obolenskikh, Dmitry Aleksandrovi"]
[Black "Stulikov, Vyacheslav"]
[Result "1-0"]
[WhiteElo "2435"]
[BlackElo "2040"]
[PlyCount "59"]
[EventDate "2010.10.17"]
[EventType "tourn"]
[EventRounds "11"]
[EventCountry "RUS"]
[SourceTitle "EXT 2012"]
[Source "ChessBase"]
[SourceDate "2011.11.24"]
[SourceVersion "1"]
[SourceVersionDate "2011.11.24"]
[SourceQuality "1"]

1. e4 c5 2. Nf3 d6 3. d4 cxd4 4. Nxd4 Nf6 5. f3 g6 6. Nc3 Bg7 7. Be3 a6 8. Qd2 h5 9. Bc4 Nbd7 10. 0-0 0-0 11. Kh1 Re8 12. a4 Qc7 13. Be2 Ne5 14. a5 Bd7 15. Bh6 Bh8 16. Na4 Rad8 17. Nb6 Kh7 18. Be3 Rf8 19. c4 Be8 20. Rac1 e6 21. Rfd1 Nc6 22. b4 Nb8 23. Nb3 Qe7 24. e5 Nfd7 25. exd6 Qf6 26. Bg5 Qb2 27. Qxb2 Bxb2 28. Bxd8 Nxb6 29. Bxb6 Bxc1 30. Rxc1 1-0

[Event "Irkutsk Region-ch"]
[Site "Irkutsk"]
[Date "2010.10.21"]
[Round "5"]
[White "Stulikov, Vyacheslav"]
[Black "Grigoriev, Elisey"]
[Result "0-1"]
[WhiteElo "2040"]
[BlackElo "2049"]
[PlyCount "190"]
[EventDate "2010.10.17"]
[EventType "tourn"]
[EventRounds "11"]
[EventCountry "RUS"]
[SourceTitle "EXT 2012"]
[Source "ChessBase"]
[SourceDate "2011.11.24"]
[SourceVersion "1"]
[SourceVersionDate "2011.11.24"]
[SourceQuality "1"]

1. Nf3 Nf6 2. d4 g6 3. Bg5 Ne4 4. Bf4 Bg7 5. e3 c5 6. c3 0-0 7. Bd3 d5 8. 0-0 Nc6 9. h3 b6 10. a4 Bb7 11. Nbd2 Nd6 12. Re1 Rc8 13. Rb1 h6 14. b4 c4 15. Bc2 f5 16. b5 Na5 17. Be5 Bf6 18. Bxf6 exf6 19. Nh4 Kf7 20. f3 Rc7 21. g4 Rg8 22. gxf5 Nxf5 23. Bxf5 gxf5+ 24. Kh2 f4 25. e4 Bc8 26. Rg1 Rg3 27. Rxg3 fxg3+ 28. Kg2 Qd6 29. f4 Qxf4 30. Qh5+ Kg7 31. Qg6+ Kf8 32. Nhf3 Rg7 33. Qh5 Qe3 34. Rf1 Qe2+ 35. Kg1 Qe3+ 36. Kg2 dxe4 37. Nxe4 Qxe4 38. Re1 Qc2+ 39. Kh1 Qg6 40. Qd5 Bd7 41. Qa8+ Be8 42. Nh4 Qf7 43. Nf5 Qb7+ 44. Qxb7 Rxb7 45. Kg2 Bg6 46. Ne3 Rg7 47. Kxg3 Bc2+ 48. Kf4 Bxa4 49. Nf5 Rd7 50. Nxh6 Rh7 51. Ng4 Rxh3 52. Nxf6 Bxb5 53. d5 Rxc3 54. Ke5 Kf7 55. Ne4 Rb3 56. Rf1+ Ke7 57. Rh1 c3 58. d6+ Kd7 59. Rh7+ Kc8 60. Rc7+ Kb8 61. Ke6 Nc4 62. Ke7 c2 63. d7 Bxd7 64. Rxc4 Bb5 65. Rxc2 Re3 66. Rb2 Rxe4+ 67. Kd6 Be8 68. Kd5 Re1 69. Rh2 a5 70. Rh7 a4 71. Kc4 b5+ 72. Kb4 Re4+ 73. Ka5 a3 74. Kb6 Re6+ 75. Ka5 a2 76. Rh1 Kb7 77. Ra1 Ra6+ 78. Kb4 Kb6 79. Kc3 Bf7 80. Kb2 b4 81. Kc2 Ra3 82. Kb2 Rh3 83. Rf1 Bd5 84. Ka1 Rh1 85. Rxh1 Bxh1 86. Kxa2 Kc5 87. Kb3 Bd5+ 88. Kb2 Kc4 89. Kc2 Bf7 90. Kb2 b3 91. Kb1 Kc3 92. Ka1 b2+ 93. Kb1 Bg6+ 94. Ka2 b1Q+ 95. Ka3 Qa1# 0-1

[Event "Sibiria Region-ch"]
[Site "Irkutsk"]
[Date "2010.05.20"]
[Round "7"]
[White "Stulikov, Vyacheslav"]
[Black "Angarov, Dmitriy"]
[Result "1/2-1/2"]
[WhiteElo "2040"]
[BlackElo "1863"]
[PlyCount "168"]
[EventDate "2010.05.15"]
[EventType "swiss"]
[EventRounds "9"]
[EventCountry "RUS"]
[SourceTitle "CBM 136 Extra"]
[Source "ChessBase"]
[SourceDate "2010.07.02"]
[SourceVersion "2"]
[SourceVersionDate "2010.07.15"]
[SourceQuality "1"]

1. e4 c5 2. c4 Nc6 3. d3 e5 4. f4 d6 5. Nf3 g6 6. Be2 Bg7 7. 0-0 Nge7 8. Nc3 0-0 9. Be3 b6 10. Qd2 Nd4 11. fxe5 dxe5 12. Bd1 f5 13. Bh6 Nec6 14. Bxg7 Kxg7 15. exf5 Bxf5 16. a3 Qd6 17. Ne1 Rad8 18. Qe3 Ne7 19. b3 a6 20. Ra2 Bd7 21. Ne4 Nef5 22. Qf2 Qe7 23. g4 Nd6 24. Qe3 Rxf1+ 25. Kxf1 Nxe4 26. dxe4 Rf8+ 27. Kg1 Qf6 28. Rf2 Qxf2+ 29. Qxf2 Rxf2 30. Kxf2 g5 31. Nd3 Kf6 32. b4 Ne6 33. a4 a5 34. b5 Nf4 35. Nb2 Be6 36. Ke3 Ng2+ 37. Kd2 Nf4 38. Bf3 h5 39. gxh5 g4 40. Bd1 Nxh5 41. Be2 Nf4 42. Bf1 Ng6 43. Ke3 Nf8 44. Nd1 Nd7 45. Nc3 Kg5 46. Bd3 Bf7 47. Ne2 Be6 48. Kf2 Nf6 49. Ke3 Nd7 50. Nc3 Nf6 51. Bf1 Nd7 52. Nd1 Nf6 53. Nf2 Nd7 54. h3 g3 55. Nh1 g2 56. Bxg2 Bxc4 57. Ng3 Bb3 58. Nf5 Bxa4 59. Bf1 Bd1 60. Bc4 a4 61. h4+ Kf6 62. Kd2 Bg4 63. Ne3 Bf3 64. Nd5+ Kg6 65. Nc3 a3 66. Ke3 Bg4 67. Nb1 Kh5 68. Nxa3 Kxh4 69. Bd5 Kg5 70. Nc4 Kf6 71. Bc6 Ke7 72. Kd3 Be6 73. Nd2 Kd6 74. Kc3 Nf6 75. Nf3 Bg4 76. Nd2 Bd7 77. Nc4+ Kc7 78. Nxe5 Bxc6 79. Nxc6 Nxe4+ 80. Kb3 Nd6 81. Ka4 Nc8 82. Kb3 Kd6 83. Kc4 Ke6 84. Nd8+ Kd7 1/2-1/2

[Event "Sibiria Region-ch"]
[Site "Irkutsk"]
[Date "2010.05.17"]
[Round "4"]
[White "Makarov, Alexey"]
[Black "Stulikov, Vyacheslav"]
[Result "1-0"]
[WhiteElo "1714"]
[BlackElo "2040"]
[PlyCount "81"]
[EventDate "2010.05.15"]
[EventType "swiss"]
[EventRounds "9"]
[EventCountry "RUS"]
[SourceTitle "CBM 136 Extra"]
[Source "ChessBase"]
[SourceDate "2010.07.02"]
[SourceVersion "2"]
[SourceVersionDate "2010.07.15"]
[SourceQuality "1"]

1. d4 b6 2. e4 Bb7 3. Bd3 c5 4. d5 d6 5. c4 Nd7 6. Nc3 g6 7. f4 Bg7 8. Nf3 Nh6 9. 0-0 f6 10. Bd2 Nf7 11. a3 a6 12. b4 0-0 13. b5 axb5 14. Nxb5 f5 15. Ra2 fxe4 16. Bxe4 Nf6 17. Bd3 Bc8 18. Qc2 Ba6 19. Nc3 Ra7 20. Rb1 Bc8 21. f5 gxf5 22. Bxf5 Bxf5 23. Qxf5 Ra6 24. Qe6 h6 25. Nh4 Qd7 26. Ng6 Re8 27. Nb5 Qb7 28. Bc3 Ra4 29. Bxf6 Bxf6 30. Nxd6 Bd4+ 31. Kh1 exd6 32. Qxe8+ Kg7 33. Qxa4 Kxg6 34. Qc6 Qe7 35. Qxb6 Qh4 36. Qb3 Be5 37. Qd3+ Kh5 38. Qh3 Qxh3 39. gxh3 Ng5 40. a4 Nxh3 41. a5 1-0

[Event "Irkutsk Ermolaev Memorial 3rd"]
[Site "Irkutsk"]
[Date "2009.07.12"]
[Round "9"]
[White "Stulikov, Vyacheslav"]
[Black "Nevsky, Igor"]
[Result "1-0"]
[WhiteElo "2053"]
[BlackElo "1963"]
[PlyCount "151"]
[EventDate "2009.07.04"]
[EventType "swiss"]
[EventRounds "9"]
[EventCountry "RUS"]
[SourceTitle "EXT 2012"]
[Source "ChessBase"]
[SourceDate "2011.11.24"]
[SourceVersion "1"]
[SourceVersionDate "2011.11.24"]
[SourceQuality "1"]

1. c4 c6 2. b3 Nf6 3. Bb2 d5 4. d3 g6 5. Nd2 Bg7 6. Qc2 0-0 7. e3 Bf5 8. h3 Na6 9. a3 Re8 10. Ngf3 Rc8 11. g4 Bd7 12. Bg2 Nc7 13. 0-0 e6 14. g5 Nh5 15. Bxg7 Nxg7 16. d4 Qe7 17. Ne5 Nf5 18. Rfe1 Rf8 19. f4 Ne8 20. Ndf3 f6 21. gxf6 Nxf6 22. c5 Ne4 23. b4 Be8 24. Nh2 Nfg3 25. Bxe4 Nxe4 26. Nhf3 Rc7 27. Kh2 Rf5 28. Rg1 Qf6 29. Rg2 Rg7 30. Ng4 Qe7 31. Nh6+ Kf8 32. Nxf5 exf5 33. Rag1 Nf6 34. Ne5 Ne4 35. Qe2 Qh4 36. Nf3 Qe7 37. Qe1 Bd7 38. Qh4 Qxh4 39. Nxh4 Re7 40. Nf3 Be8 41. Ne5 Nf6 42. Kg3 Rg7 43. Kf3 Ke7 44. Ke2 Ke6 45. Kd3 Ne4 46. h4 Nf6 47. Kc2 Re7 48. Kb3 Rc7 49. Ka4 a6 50. Ka5 Re7 51. Rb1 Ne4 52. Rb3 Nf6 53. Nf3 Ng4 54. Re2 Nf6 55. Nd2 Nh5 56. Rg2 Nf6 57. Nb1 Ng4 58. Re2 Kf7 59. a4 Ke6 60. Na3 Nf6 61. b5 axb5 62. axb5 Ne4 63. Rg2 Nf6 64. b6 Ne4 65. Kb4 Rg7 66. Rb1 Kf6 67. Rbg1 h6 68. Nc2 Re7 69. Ne1 Rd7 70. Nf3 Rg7 71. Kb3 Rg8 72. Kc2 Bf7 73. Ra1 Ke6 74. Ra7 Rb8 75. Ne5 Kf6 76. Nd7+ 1-0

[Event "Irkutsk Ermolaev Memorial 3rd"]
[Site "Irkutsk"]
[Date "2009.07.09"]
[Round "6"]
[White "Vorobiov, Nikolai"]
[Black "Stulikov, Vyacheslav"]
[Result "1/2-1/2"]
[WhiteElo "2017"]
[BlackElo "2053"]
[PlyCount "128"]
[EventDate "2009.07.04"]
[EventType "swiss"]
[EventRounds "9"]
[EventCountry "RUS"]
[SourceTitle "EXT 2012"]
[Source "ChessBase"]
[SourceDate "2011.11.24"]
[SourceVersion "1"]
[SourceVersionDate "2011.11.24"]
[SourceQuality "1"]

1. Nf3 d5 2. c4 c6 3. b3 Bf5 4. Bb2 Nd7 5. g3 Qc7 6. Bg2 e5 7. cxd5 cxd5 8. Nh4 Be6 9. Na3 Qa5 10. Nc2 Ngf6 11. a4 Rc8 12. b4 Bxb4 13. Nxb4 Qxb4 14. Ba3 Qa5 15. 0-0 Ne4 16. Bxe4 dxe4 17. Qb1 f5 18. Qxb7 Rb8 19. Qc6 Kf7 20. Qd6 Rhe8 21. f3 Nf6 22. d3 exd3 23. Qxd3 Red8 24. Qe3 f4 25. Qf2 g5 26. Ng2 Rd2 27. Rfc1 Nd5 28. Bd6 Rbb2 29. Re1 Kf6 30. h4 h6 31. Bc5 fxg3 32. Qxg3 Qxc5+ 33. Kf1 Rxe2 34. hxg5+ hxg5 35. Rxe2 Qc4 36. Rae1 Rxe2 37. Rxe2 Nc3 38. Qxe5+ Kf7 39. f4 Nxe2 40. Qxe2 Qxa4 41. Qh5+ Ke7 42. Qxg5+ Kd7 43. Qg7+ Kc6 44. Qc3+ Kb7 45. Qf3+ Ka6 46. Ne3 Bb3 47. f5 Qd7 48. f6 Kb6 49. Qf4 a5 50. Ke2 a4 51. Qb4+ Kc6 52. Qe4+ Kc5 53. Qe5+ Kb6 54. Qb8+ Ka6 55. Qa8+ Kb6 56. Qb8+ Kc6 57. Qa8+ Kd6 58. Qf8+ Kc6 59. Qa8+ Kb6 60. Qb8+ Ka5 61. Qe5+ Ka6 62. Qe7 Qb5+ 63. Kf2 Qh5 64. Qd6+ Kb5 1/2-1/2

[Event "Irkutsk Ermolaev Memorial 3rd"]
[Site "Irkutsk"]
[Date "2009.07.06"]
[Round "3"]
[White "Stulikov, Vyacheslav"]
[Black "Obolenskikh, Dmitry Aleksandrovi"]
[Result "0-1"]
[WhiteElo "2053"]
[BlackElo "2419"]
[PlyCount "88"]
[EventDate "2009.07.04"]
[EventType "swiss"]
[EventRounds "9"]
[EventCountry "RUS"]
[SourceTitle "EXT 2012"]
[Source "ChessBase"]
[SourceDate "2011.11.24"]
[SourceVersion "1"]
[SourceVersionDate "2011.11.24"]
[SourceQuality "1"]

1. Nf3 d5 2. d4 Nf6 3. g3 c6 4. Bg2 Bf5 5. b3 e6 6. a3 Be7 7. Bb2 0-0 8. 0-0 Nbd7 9. c4 h6 10. Nc3 a6 11. Nd2 Qb6 12. Re1 Rfd8 13. e3 a5 14. Bf1 Bf8 15. Rc1 Bg6 16. Na4 Qa7 17. Nc3 Rac8 18. Qe2 Re8 19. Bh3 Bh5 20. Qf1 Bg4 21. Bg2 Bf5 22. e4 dxe4 23. Ncxe4 Be7 24. Qe2 Rcd8 25. Qe3 Nxe4 26. Nxe4 Nf6 27. Nc3 Qxd4 28. Qxd4 Rxd4 29. Nd5 Rd3 30. Nxe7+ Rxe7 31. Bc3 a4 32. bxa4 Ne8 33. Bb4 Red7 34. a5 Nc7 35. h3 Na6 36. Bc3 Rd8 37. Kh2 Nc5 38. Bf1 R3d7 39. Kg2 Nb3 40. Bb4 Nxc1 41. Rxc1 Bd3 42. Bxd3 Rxd3 43. c5 Rb3 44. Rc4 e5 0-1

[Event "Sibiria Region-ch"]
[Site "Irkutsk"]
[Date "2009.05.12"]
[Round "4"]
[White "Loskutov, Oleg"]
[Black "Stulikov, Vyacheslav"]
[Result "1-0"]
[WhiteElo "2463"]
[BlackElo "2037"]
[PlyCount "75"]
[EventDate "2009.05.10"]
[EventType "swiss"]
[EventRounds "9"]
[EventCountry "RUS"]
[SourceTitle "CBM 130 Extra"]
[Source "ChessBase"]
[SourceDate "2009.07.02"]
[SourceVersion "2"]
[SourceVersionDate "2009.07.15"]
[SourceQuality "1"]

1. e4 c5 2. Nf3 d6 3. d4 cxd4 4. Nxd4 Nf6 5. Nc3 a6 6. Be2 e6 7. 0-0 Be7 8. f4 Qc7 9. Kh1 0-0 10. Qe1 b5 11. Bf3 Bb7 12. e5 dxe5 13. fxe5 Nfd7 14. Qg3 Kh8 15. Bf4 b4 16. Ne4 Bd5 17. Nf6 Bxf3 18. Qxf3 Qa7 19. Nxd7 Nxd7 20. Nc6 Qc5 21. Rad1 Rad8 22. Nxd8 Rxd8 23. Qb7 Qb5 24. Qc7 Kg8 25. Rd3 Kf8 26. Rfd1 Ke8 27. R1d2 h6 28. h3 Bc5 29. Bh2 Bb6 30. Qb7 Nc5 31. Rxd8+ Bxd8 32. Qc8 Nd7 33. c4 bxc3 34. bxc3 Ke7 35. c4 Qa4 36. Bg1 Ba5 37. Rxd7+ Qxd7 38. Bc5+ 1-0

[Event "Sibiria Region-ch"]
[Site "Irkutsk"]
[Date "2009.05.11"]
[Round "3"]
[White "Stulikov, Vyacheslav"]
[Black "Timofeeva, Ekaterina"]
[Result "0-1"]
[WhiteElo "2037"]
[BlackElo "2274"]
[PlyCount "102"]
[EventDate "2009.05.10"]
[EventType "swiss"]
[EventRounds "9"]
[EventCountry "RUS"]
[SourceTitle "CBM 130 Extra"]
[Source "ChessBase"]
[SourceDate "2009.07.02"]
[SourceVersion "2"]
[SourceVersionDate "2009.07.15"]
[SourceQuality "1"]

1. Nf3 Nf6 2. d4 g6 3. g3 Bg7 4. Bg2 0-0 5. 0-0 d5 6. c3 Nbd7 7. Nfd2 c5 8. Re1 Qb6 9. Nb3 c4 10. N3d2 e6 11. b3 cxb3 12. axb3 a6 13. e3 Qc7 14. e4 Nb8 15. e5 Nfd7 16. Bb2 Nc6 17. Kh1 b5 18. f4 Bb7 19. Nf3 a5 20. Nbd2 b4 21. Nb1 Ba6 22. Bf1 Rfc8 23. Bxa6 Rxa6 24. Qd3 Qb7 25. Nfd2 Raa8 26. Rc1 Qb6 27. c4 Qa6 28. Qf3 Ne7 29. c5 f6 30. exf6 Bxf6 31. Ra2 Nf5 32. Re1 Nxd4 33. Bxd4 Bxd4 34. Qg4 Nf6 35. Qh3 Re8 36. Nf3 Bxc5 37. Rae2 Ne4 38. Rxe4 dxe4 39. Ng5 Ra7 40. Nd2 e3 41. Nde4 Bd4 42. Rxe3 Bxe3 43. Nf6+ Kg7 44. Nxe8+ Kf8 45. Nf6 Qc6+ 46. Nfe4 h5 47. Nxe6+ Ke7 48. N6g5 a4 49. bxa4 b3 50. g4 b2 51. Qxe3 Qc1+ 0-1

[Event "Irkutsk-ch Rating sf"]
[Site "Irkutsk"]
[Date "2008.05.06"]
[Round "14"]
[White "Drapeza, Sergey"]
[Black "Stulikov, Vyacheslav"]
[Result "0-1"]
[WhiteElo "1720"]
[BlackElo "2103"]
[PlyCount "56"]
[EventDate "2008.05.06"]
[EventType "tourn"]
[EventRounds "15"]
[EventCountry "RUS"]
[SourceTitle "EXT 2022"]
[Source "ChessBase"]
[SourceDate "2021.10.06"]
[SourceVersion "1"]
[SourceVersionDate "2021.10.06"]
[SourceQuality "1"]

1. e4 c5 2. Nf3 d6 3. Bb5+ Bd7 4. Bxd7+ Nxd7 5. 0-0 e6 6. c4 Ngf6 7. Nc3 Be7 8. d4 cxd4 9. Qxd4 a6 10. Re1 0-0 11. Bg5 Rc8 12. Rad1 Qc7 13. Bxf6 gxf6 14. b3 b5 15. Ne2 bxc4 16. Rc1 Qa5 17. Rxc4 Ne5 18. Rc3 Nxf3+ 19. gxf3 Qxa2 20. Rxc8 Rxc8 21. Qe3 Qa5 22. Ng3 Rc3 23. Qh6 Rxf3 24. Rc1 Rc3 25. Rxc3 Qxc3 26. Nh5 Qe1+ 27. Kg2 Qxe4+ 28. Kf1 Qg6 0-1

[Event "Irkutsk-ch Rating sf"]
[Site "Irkutsk"]
[Date "2008.05.06"]
[Round "8"]
[White "Kopylov, Oleg"]
[Black "Stulikov, Vyacheslav"]
[Result "1-0"]
[WhiteElo "1998"]
[BlackElo "2103"]
[PlyCount "165"]
[EventDate "2008.05.06"]
[EventType "tourn"]
[EventRounds "15"]
[EventCountry "RUS"]
[SourceTitle "EXT 2022"]
[Source "ChessBase"]
[SourceDate "2021.10.06"]
[SourceVersion "1"]
[SourceVersionDate "2021.10.06"]
[SourceQuality "1"]

1. d4 Nf6 2. c4 g6 3. Nc3 d5 4. Qb3 c6 5. Nf3 Bg7 6. Bf4 0-0 7. e3 b6 8. a4 a6 9. Bd3 Bb7 10. cxd5 cxd5 11. 0-0 Nc6 12. Rfc1 e6 13. h3 Rc8 14. Na2 a5 15. Rc2 Nd7 16. Rac1 e5 17. dxe5 Ndxe5 18. Be2 f6 19. Rd1 Ne7 20. Nd4 Rxc2 21. Qxc2 Qc8 22. Qb3 Nd7 23. Ne6 Nc5 24. Nxc5 bxc5 25. Bd6 Rf7 26. Qb6 c4 27. Qxa5 Nf5 28. Bg4 h5 29. Bxf5 Qxf5 30. Nb4 Rd7 31. Qb5 Qe6 32. Bc5 Kh7 33. a5 g5 34. a6 Bxa6 35. Nxa6 g4 36. hxg4 hxg4 37. Nb8 Rd8 38. Nc6 Qe8 39. Ba3 g3 40. Rxd5 Qe4 41. Rh5+ Kg8 42. fxg3 Rd2 43. Qb8+ Kf7 44. Qb7+ Ke8 45. Qe7+ Qxe7 46. Nxe7 Bf8 47. Nc6 Bxa3 48. bxa3 c3 49. Rc5 c2 50. Kh2 Re2 51. a4 Kd7 52. Nd4 Rxe3 53. Nxc2 Re4 54. a5 Ra4 55. Ne3 Ra3 56. Ng4 Ke6 57. Nh6 Ra1 58. g4 Kd6 59. Rf5 Ke6 60. Ng8 Ra4 61. Kh3 Kf7 62. Nxf6 Kg6 63. Nd5 Ra3+ 64. Kh4 Kg7 65. Nc7 Rc3 66. Ne6+ Kg8 67. g5 Rc6 68. Nf4 Rc1 69. a6 Ra1 70. Rf6 Kh7 71. g6+ Kg7 72. Rf7+ Kg8 73. a7 Ra5 74. Rb7 Ra4 75. g3 Kh8 76. Rb8+ Kg7 77. a8Q Rxa8 78. Rxa8 Kh6 79. Ra6 Kg7 80. Kg5 Kf8 81. Kf6 Ke8 82. Ra7 Kf8 83. Ra8# 1-0

[Event "Irkutsk-ch Rating sf"]
[Site "Irkutsk"]
[Date "2008.05.06"]
[Round "4"]
[White "Stulikov, Vyacheslav"]
[Black "Kiselyov, Sergei"]
[Result "1-0"]
[WhiteElo "2103"]
[BlackElo "2101"]
[PlyCount "87"]
[EventDate "2008.05.06"]
[EventType "tourn"]
[EventRounds "15"]
[EventCountry "RUS"]
[SourceTitle "EXT 2022"]
[Source "ChessBase"]
[SourceDate "2021.10.06"]
[SourceVersion "1"]
[SourceVersionDate "2021.10.06"]
[SourceQuality "1"]

1. c4 c5 2. Nc3 Nf6 3. g3 d5 4. cxd5 Nxd5 5. Bg2 Nc7 6. Nf3 Nc6 7. 0-0 e5 8. d3 Be7 9. b3 0-0 10. Bb2 Be6 11. Qd2 Rc8 12. Rac1 b6 13. Nd1 f6 14. Ne3 Qd7 15. Rfd1 Nb4 16. Bc3 Nbd5 17. Bb2 Nb5 18. Nc4 Rc7 19. e3 Nb4 20. a3 Nc6 21. Qc2 Rd8 22. Ne1 Nd6 23. Nd2 Nf5 24. b4 Nb8 25. Ne4 Na6 26. bxc5 Nxc5 27. d4 Na6 28. Qe2 Qa4 29. dxe5 Rxd1 30. Rxd1 fxe5 31. Bxe5 Rc4 32. Nd2 Rc8 33. Bb7 Rc5 34. Nd3 Rc2 35. Nf4 Nc5 36. Nxe6 Nxb7 37. Qf3 Nbd6 38. e4 Qa5 39. Bf4 Nh6 40. Bxh6 gxh6 41. Qg4+ Kf7 42. Nb3 Qe5 43. Nbd4 h5 44. Qf3+ 1-0